Les Simpson - Combien ... ? (2) - Statistiques

Statistiques générales
  • Ce quiz a été pris 24 fois
  • Le résultat moyen est 4 sur 10
Statistiques - réponses
Question Réponse % Correct
Combien de membres compte le groupe des Bémols ? 4
83%
Combien coûte le trampoline qu'Homer a eu chez Krusty ? 0 $
67%
Combien coûte l'astrolabe qu'Homer s'achète pour Noël ? 500 $
67%
Combien de membres compte le groupe des Potes de la quille ? 4
50%
Combien de bretzels gratuits Cletus réclame-t-il à Marge grâce aux coupons qu'il a récupérés ? 300
33%
Lorsque Marge trouve que sa famille passe trop de temps sur leur téléphone, combien leur laisse-t-elle de temps d'écran par semaine ? 30 min
33%
Combien de membres compte le groupe des Party Posse ? 4
33%
Combien coûte Maggie lors de son passage en caisse dans les génériques HD ? 486,52 $
33%
Combien coûte Maggie lors de son passage en caisse dans les premiers génériques ? 847,63 $
33%
Combien de soirées d'adieu Krusty a-t-il fait dans sa carrière ? 5
0%
Aucun quiz correspondant
Distribution des résultats
% des personnes avec chaque résultat
Percentile par nombre de réponses
Votre historique - résultats
Vous n’avez pas pris ce quiz